[Event "AUT-chT2O 2324"]
[Site "Austria"]
[Date "2024.04.21"]
[Round "11.5"]
[White "Strodl, Joachim"]
[Black "Mozny, Milos"]
[Result "1/2-1/2"]
[WhiteElo "2165"]
[BlackElo "2230"]
[PlyCount "20"]
[EventDate "2023.10.13"]
[EventType "team-tourn"]
[EventRounds "11"]
[EventCountry "AUT"]
[SourceTitle "EXT 2025"]
[Source "ChessBase"]
[SourceDate "2024.10.14"]
[SourceVersion "1"]
[SourceVersionDate "2024.10.14"]
[SourceQuality "1"]
[WhiteTeam "Mattersburg"]
[BlackTeam "Hietzing"]
[WhiteTeamCountry "AUT"]
[BlackTeamCountry "AUT"]

1. Nf3 d5 2. d4 Nf6 3. Bf4 Bf5 4. e3 e6 5. Nbd2 Nbd7 6. h3 h6 7. Be2 c6 8. c3 Be7 9. 0-0 0-0 10. Bh2 Bh7 1/2-1/2

[Event "AUT-chT2O 2324"]
[Site "Austria"]
[Date "2023.11.04"]
[Round "4.3"]
[White "Volkmann, Friedrich Karl"]
[Black "Strodl, Joachim"]
[Result "1-0"]
[WhiteElo "2387"]
[BlackElo "2165"]
[PlyCount "37"]
[EventDate "2023.10.13"]
[EventType "team-tourn"]
[EventRounds "11"]
[EventCountry "AUT"]
[SourceTitle "EXT 2025"]
[Source "ChessBase"]
[SourceDate "2024.10.14"]
[SourceVersion "1"]
[SourceVersionDate "2024.10.14"]
[SourceQuality "1"]
[WhiteTeam "Pamhagen"]
[BlackTeam "Mattersburg"]
[WhiteTeamCountry "AUT"]
[BlackTeamCountry "AUT"]

1. d4 g6 2. e4 Bg7 3. Nc3 d6 4. Be3 a6 5. h4 h5 6. Nf3 Bg4 7. Qd2 Bxf3 8. gxf3 Nd7 9. 0-0-0 e6 10. f4 Ne7 11. Bh3 c6 12. f5 e5 13. f4 exf4 14. Bxf4 Nf6 15. e5 dxe5 16. dxe5 Qxd2+ 17. Bxd2 Nfd5 18. f6 Nxc3 19. bxc3 1-0

[Event "AUT-chT2O 2324"]
[Site "Austria"]
[Date "2023.10.15"]
[Round "3.5"]
[White "Sadilek, Maximilian"]
[Black "Strodl, Joachim"]
[Result "0-1"]
[WhiteElo "2229"]
[BlackElo "2165"]
[PlyCount "122"]
[EventDate "2023.10.13"]
[EventType "team-tourn"]
[EventRounds "11"]
[EventCountry "AUT"]
[SourceTitle "EXT 2025"]
[Source "ChessBase"]
[SourceDate "2024.10.14"]
[SourceVersion "1"]
[SourceVersionDate "2024.10.14"]
[SourceQuality "1"]
[WhiteTeam "Tschaturanga"]
[BlackTeam "Mattersburg"]
[WhiteTeamCountry "AUT"]
[BlackTeamCountry "AUT"]

1. e4 c5 2. d3 g6 3. f4 Bg7 4. Nf3 Nc6 5. Be2 d6 6. 0-0 Nf6 7. c3 0-0 8. Na3 Rb8 9. Qe1 Bg4 10. Nc2 c4 11. Ne3 Bxf3 12. Rxf3 cxd3 13. Bxd3 b5 14. Bd2 e5 15. f5 Re8 16. Bc2 Na5 17. Rd1 Qc7 18. Qh4 Qd8 19. b4 Nc4 20. Nxc4 bxc4 21. Bg5 Qb6+ 22. Be3 Qd8 23. g4 h5 24. gxh5 Nxh5 25. Qg4 Qd7 26. Qg2 Nf4 27. Bxf4 exf4 28. fxg6 Be5 29. Kh1 Re6 30. Qh3 fxg6 31. Ba4 Qe7 32. Bc6 Kg7 33. Bd5 Rf6 34. Rg1 Rh8 35. Qf1 Qc7 36. a4 Qd7 37. a5 Rff8 38. Rg2 Rh6 39. Qg1 Qc7 40. Qf2 Rfh8 41. Kg1 Rh5 42. Kf1 g5 43. h4 Qe7 44. Rxg5+ Rxg5 45. hxg5 Rh1+ 46. Ke2 Kg6 47. Bxc4 Qh7 48. Be6 Kxg5 49. Bf5 Qh5 50. Kd3 Rd1+ 51. Kc2 Qh1 52. Rh3 Rc1+ 53. Kb2 Rb1+ 54. Ka2 Ra1+ 55. Kb3 Qd1+ 56. Kc4 d5+ 57. Kc5 dxe4 58. Bxe4 Qd6+ 59. Kc4 Qe6+ 60. Kb5 a6+ 61. Kc5 Qxh3 0-1

[Event "AUT-chT2O 2324"]
[Site "Austria"]
[Date "2023.10.14"]
[Round "2.5"]
[White "Strodl, Joachim"]
[Black "Kuntner, Reinhard1"]
[Result "1-0"]
[WhiteElo "2165"]
[BlackElo "2017"]
[PlyCount "89"]
[EventDate "2023.10.13"]
[EventType "team-tourn"]
[EventRounds "11"]
[EventCountry "AUT"]
[SourceTitle "EXT 2025"]
[Source "ChessBase"]
[SourceDate "2024.10.14"]
[SourceVersion "1"]
[SourceVersionDate "2024.10.14"]
[SourceQuality "1"]
[WhiteTeam "Mattersburg"]
[BlackTeam "Amateure"]
[WhiteTeamCountry "AUT"]
[BlackTeamCountry "AUT"]

1. c4 Nf6 2. Nc3 d5 3. cxd5 Nxd5 4. Nf3 c6 5. e4 Nb6 6. d4 g6 7. h3 Bg7 8. Be3 Be6 9. Bd3 Bc4 10. 0-0 Bxd3 11. Qxd3 Na6 12. Rfd1 0-0 13. Qe2 Qd7 14. a4 Rad8 15. Rac1 e6 16. a5 Nc8 17. Qc4 Nd6 18. Qa4 Nc7 19. Ne5 Qe8 20. Nd3 Ncb5 21. e5 Nf5 22. Nc5 Nxc3 23. bxc3 b5 24. Qb3 Qe7 25. Bf4 h5 26. Ne4 Qh4 27. g3 Qe7 28. g4 hxg4 29. hxg4 Nh4 30. c4 f5 31. Bg5 Qf7 32. Nf6+ Bxf6 33. Bxf6 Qh7 34. Qg3 Rxf6 35. exf6 g5 36. f4 gxf4 37. Qxf4 Ng6 38. Qh2 Nh4 39. f7+ Kf8 40. Qf4 Rd7 41. cxb5 fxg4 42. Qxg4 Rxf7 43. Rf1 Nf5 44. Rxc6 Ke8 45. Rxe6+ 1-0

[Event "AUT-ch Zwisch Internet"]
[Site "Playchess.com INT"]
[Date "2020.05.02"]
[Round "7"]
[White "Mittelberger, Peter"]
[Black "Strodl, Joachim"]
[Result "1-0"]
[WhiteElo "2176"]
[BlackElo "2137"]
[PlyCount "91"]
[EventDate "2020.05.02"]
[EventType "swiss (blitz)"]
[EventRounds "13"]
[EventCountry "AUT"]
[SourceTitle "CBM 195 Extra"]
[Source "ChessBase"]
[SourceDate "2020.05.31"]
[SourceVersion "1"]
[SourceVersionDate "2020.05.31"]
[SourceQuality "1"]

1. e4 c5 2. Nc3 g6 3. g3 Bg7 4. Bg2 Nc6 5. d3 d6 6. Be3 Nf6 7. h3 0-0 8. Qd2 Nd4 9. Nd1 b5 10. c3 Nc6 11. e5 Nxe5 12. Bxa8 d5 13. f4 d4 14. cxd4 cxd4 15. Bf2 Be6 16. Bg2 Bd5 17. Bxd5 Qxd5 18. fxe5 Qxh1 19. exf6 exf6 20. Kf1 h5 21. a4 bxa4 22. Rxa4 Kh7 23. Rxa7 f5 24. b4 Be5 25. Qe2 Bb8 26. Rb7 Qxb7 27. Nf3 Qxb4 28. Ng5+ Kg8 29. h4 f4 30. gxf4 Bxf4 31. Ne4 Kg7 32. Qf3 Be5 33. Bg3 Qe7 34. Ndf2 Ra8 35. Kg2 Ra2 36. Ng5 Bxg3 37. Qxg3 Qe3 38. Qf3 Qe7 39. Qf4 Re2 40. Qxd4+ f6 41. Nge4 Kh6 42. Kf3 f5 43. Kxe2 fxe4 44. Qxe4 Qxh4 45. Qxh4 g5 46. Qe4 1-0

[Event "AUT-ch Zwisch Internet"]
[Site "Playchess.com INT"]
[Date "2020.05.02"]
[Round "1"]
[White "Wohlfahrt, Herbert J"]
[Black "Strodl, Joachim"]
[Result "1-0"]
[WhiteElo "2285"]
[BlackElo "2137"]
[PlyCount "111"]
[EventDate "2020.05.02"]
[EventType "swiss (blitz)"]
[EventRounds "13"]
[EventCountry "AUT"]
[SourceTitle "CBM 195 Extra"]
[Source "ChessBase"]
[SourceDate "2020.05.31"]
[SourceVersion "1"]
[SourceVersionDate "2020.05.31"]
[SourceQuality "1"]

1. Nf3 Nf6 2. c4 c5 3. b3 g6 4. Bb2 Bg7 5. g3 Nc6 6. Bg2 0-0 7. 0-0 d6 8. d4 cxd4 9. Nxd4 Bd7 10. Nc3 a6 11. Rc1 Nxd4 12. Qxd4 Bc6 13. Nd5 Bxd5 14. Bxd5 Nh5 15. Qd2 Bxb2 16. Qxb2 a5 17. Bxb7 Rb8 18. Bf3 Nf6 19. Rfd1 Qb6 20. Qc3 a4 21. Rb1 axb3 22. axb3 Qc5 23. b4 Qg5 24. b5 h5 25. h4 Qf5 26. Qd3 Qh3 27. Bg2 Qe6 28. b6 Rfc8 29. Rdc1 Rc5 30. b7 Ng4 31. Bd5 Qf6 32. Qf3 e6 33. Qxf6 Nxf6 34. Bf3 d5 35. cxd5 Rxc1+ 36. Rxc1 Rxb7 37. dxe6 Re7 38. exf7+ Kxf7 39. Rb1 Re5 40. Rb7+ Kf8 41. Kg2 Rc5 42. Rb2 Re5 43. e3 Ke7 44. Be2 Rc5 45. Bd3 g5 46. Rb5 Rxb5 47. Bxb5 g4 48. Kf1 Kd6 49. Ke2 Ke5 50. Bd3 Kd5 51. Bg6 Ke5 52. Kd3 Kd5 53. e4+ Ke5 54. Ke3 Ke6 55. Kf4 Kd6 56. e5+ 1-0

[Event "AUT-ch Vor4 Internet"]
[Site "Playchess.com INT"]
[Date "2020.04.25"]
[Round "3"]
[White "Baumegger, Siegfried"]
[Black "Strodl, Joachim"]
[Result "1-0"]
[WhiteElo "2432"]
[BlackElo "2137"]
[PlyCount "39"]
[EventDate "2020.04.25"]
[EventType "swiss (blitz)"]
[EventRounds "9"]
[EventCountry "AUT"]
[SourceTitle "EXT 2021"]
[Source "ChessBase"]
[SourceDate "2020.10.23"]
[SourceVersion "1"]
[SourceVersionDate "2020.10.23"]
[SourceQuality "1"]

1. e4 c5 2. Nf3 g6 3. Bc4 Bg7 4. 0-0 d6 5. c3 Nf6 6. Re1 e5 7. d4 cxd4 8. cxd4 0-0 9. dxe5 dxe5 10. Qxd8 Rxd8 11. Nxe5 Be6 12. Bxe6 fxe6 13. Nc3 Na6 14. Bg5 Rd4 15. Rad1 Rad8 16. Rxd4 Rxd4 17. Be3 Rb4 18. Nd3 Rxe4 19. Nxe4 Nxe4 20. Bxa7 1-0

[Event "AUT-ch Vor4 Internet"]
[Site "Playchess.com INT"]
[Date "2020.04.25"]
[Round "1"]
[White "Strodl, Joachim"]
[Black "Ardelt, Hannes"]
[Result "1-0"]
[WhiteElo "2137"]
[BlackElo "1732"]
[PlyCount "93"]
[EventDate "2020.04.25"]
[EventType "swiss (blitz)"]
[EventRounds "9"]
[EventCountry "AUT"]
[SourceTitle "EXT 2021"]
[Source "ChessBase"]
[SourceDate "2020.10.23"]
[SourceVersion "1"]
[SourceVersionDate "2020.10.23"]
[SourceQuality "1"]

1. e4 d5 2. exd5 Qxd5 3. Nc3 Qd8 4. Nf3 Nf6 5. Bc4 e6 6. 0-0 Be7 7. d3 c6 8. Ne5 0-0 9. a4 Nbd7 10. f4 a6 11. Qf3 Nb6 12. Bb3 Nbd5 13. Ne4 Qc7 14. Kh1 b6 15. d4 Bb7 16. c3 Nxe4 17. Qxe4 Nf6 18. Qe2 a5 19. Bc2 Ba6 20. Bd3 Bxd3 21. Qxd3 Rad8 22. Be3 c5 23. Qc4 Nd5 24. Bg1 Bf6 25. dxc5 bxc5 26. Rae1 Rc8 27. Ng4 Rfe8 28. h3 Bh4 29. Re2 Bg3 30. Bh2 Bxh2 31. Kxh2 h5 32. Ne5 Nf6 33. Nd3 Red8 34. Rff2 Nd5 35. g3 Nf6 36. Ne5 Qd6 37. f5 Nd5 38. fxe6 fxe6 39. Qh4 Nf6 40. Nc4 Qa6 41. Ne5 Rf8 42. Qg5 Rce8 43. Ng6 Rf7 44. Qe5 Qc8 45. Nf4 Qd7 46. Rd2 Qe7 47. Rfe2 1-0

[Event "AUT-ch Vor3 Internet"]
[Site "Playchess.com INT"]
[Date "2020.04.17"]
[Round "6"]
[White "Diermair, Andreas"]
[Black "Strodl, Joachim"]
[Result "1-0"]
[WhiteElo "2465"]
[BlackElo "2137"]
[PlyCount "47"]
[EventDate "2020.04.17"]
[EventType "swiss (blitz)"]
[EventRounds "9"]
[EventCountry "AUT"]
[SourceTitle "CBM 195 Extra"]
[Source "ChessBase"]
[SourceDate "2020.05.31"]
[SourceVersion "1"]
[SourceVersionDate "2020.05.31"]
[SourceQuality "1"]

1. d4 g6 2. e4 Bg7 3. Nf3 d6 4. Bd3 a6 5. 0-0 b5 6. Re1 e6 7. c3 c5 8. a4 cxd4 9. cxd4 bxa4 10. Qxa4+ Bd7 11. Qa3 Qb6 12. Bd2 Nc6 13. Bc3 Bf8 14. Nbd2 d5 15. Qa2 dxe4 16. Bxe4 Rc8 17. Bxc6 Rxc6 18. d5 Rxc3 19. bxc3 Nf6 20. Rab1 Qc5 21. dxe6 Bxe6 22. Rxe6+ fxe6 23. Qxe6+ Be7 24. Rb8+ 1-0

[Event "AUT-ch Vor3 Internet"]
[Site "Playchess.com INT"]
[Date "2020.04.17"]
[Round "8"]
[White "Schroettner, Martin"]
[Black "Strodl, Joachim"]
[Result "1/2-1/2"]
[WhiteElo "1934"]
[BlackElo "2137"]
[PlyCount "44"]
[EventDate "2020.04.17"]
[EventType "swiss (blitz)"]
[EventRounds "9"]
[EventCountry "AUT"]
[SourceTitle "CBM 195 Extra"]
[Source "ChessBase"]
[SourceDate "2020.05.31"]
[SourceVersion "1"]
[SourceVersionDate "2020.05.31"]
[SourceQuality "1"]

1. Nf3 Nf6 2. c4 c5 3. Nc3 g6 4. g3 Bg7 5. Bg2 0-0 6. 0-0 Nc6 7. d4 cxd4 8. Nxd4 Nxd4 9. Qxd4 d6 10. b3 Qa5 11. Bb2 Ne4 12. Qxe4 Bxc3 13. Bxc3 Qxc3 14. Qxe7 Qb4 15. Qf6 Be6 16. h4 Qc5 17. Bf3 Rab8 18. Rad1 b5 19. h5 Qe5 20. Qxe5 dxe5 21. hxg6 hxg6 22. cxb5 Rxb5 1/2-1/2

[Event "AUT-ch Vor3 Internet"]
[Site "Playchess.com INT"]
[Date "2020.04.17"]
[Round "1"]
[White "Strodl, Joachim"]
[Black "Tolstykh, Makarius"]
[Result "1-0"]
[WhiteElo "2137"]
[BlackElo "1061"]
[PlyCount "51"]
[EventDate "2020.04.17"]
[EventType "swiss (blitz)"]
[EventRounds "9"]
[EventCountry "AUT"]
[SourceTitle "CBM 195 Extra"]
[Source "ChessBase"]
[SourceDate "2020.05.31"]
[SourceVersion "1"]
[SourceVersionDate "2020.05.31"]
[SourceQuality "1"]

1. e4 c6 2. d4 d5 3. exd5 cxd5 4. Bd3 Nc6 5. c3 Nf6 6. Bf4 e6 7. Nf3 Bd7 8. Nbd2 Be7 9. 0-0 0-0 10. h3 Rc8 11. Qe2 b6 12. Ba6 Ra8 13. a4 Bc8 14. Bb5 Bd7 15. Rfe1 Re8 16. Bd3 Nh5 17. Bh2 Nf6 18. Ne5 Nxe5 19. dxe5 Ne4 20. Nxe4 dxe4 21. Bxe4 Rc8 22. Rad1 Qc7 23. Bc2 Rcd8 24. Qe4 Bc6 25. Qxh7+ Kf8 26. Qh8# 1-0

[Event "AUT-ch Vor1 Internet"]
[Site "Playchess.com INT"]
[Date "2020.04.11"]
[Round "5"]
[White "Strodl, Joachim"]
[Black "Friedl, Markus"]
[Result "1-0"]
[WhiteElo "2137"]
[BlackElo "1857"]
[PlyCount "103"]
[EventDate "2020.04.11"]
[EventType "swiss (blitz)"]
[EventRounds "9"]
[EventCountry "AUT"]
[SourceTitle "CBM 195 Extra"]
[Source "ChessBase"]
[SourceDate "2020.05.31"]
[SourceVersion "1"]
[SourceVersionDate "2020.05.31"]
[SourceQuality "1"]

1. d4 d5 2. Nf3 e6 3. g3 Nf6 4. Bg2 Be7 5. 0-0 0-0 6. c4 c6 7. Qc2 Nbd7 8. Nc3 dxc4 9. Nd2 Nb6 10. a4 Nbd5 11. Nxc4 Nxc3 12. bxc3 Nd5 13. e4 Nb6 14. Ne5 Bd7 15. a5 Nc8 16. Rd1 Bf6 17. Ng4 Qe7 18. e5 Bg5 19. f4 Bh6 20. Nxh6+ gxh6 21. Ba3 Qe8 22. Bxf8 Qxf8 23. Qe2 Ne7 24. Rdb1 Rb8 25. Be4 Qg7 26. Kf2 Nd5 27. Bxd5 exd5 28. Rb2 Bg4 29. Qa6 Qg6 30. Rxb7 Rf8 31. Rb2 Qe4 32. Kg1 Qe3+ 33. Rf2 Qxc3 34. Qf1 Qxd4 35. h3 Bxh3 36. Rd1 Qa4 37. Qe2 Bf5 38. Qd2 Bg4 39. Rc1 a6 40. f5 Qe4 41. Qxh6 Bxf5 42. Rcf1 Bg6 43. Qf4 Qd3 44. e6 Kg7 45. Qf6+ Kh6 46. Qh4+ Kg7 47. e7 Re8 48. Qf6+ Kg8 49. Qg5 Qc3 50. Rxf7 Qd4+ 51. Kh2 Qb2+ 52. R1f2 1-0

[Event "AUT-ch Vor1 Internet"]
[Site "Playchess.com INT"]
[Date "2020.04.11"]
[Round "3"]
[White "Strodl, Joachim"]
[Black "Ploeckinger, Paul"]
[Result "1-0"]
[WhiteElo "2137"]
[BlackElo "1334"]
[PlyCount "83"]
[EventDate "2020.04.11"]
[EventType "swiss (blitz)"]
[EventRounds "9"]
[EventCountry "AUT"]
[SourceTitle "CBM 195 Extra"]
[Source "ChessBase"]
[SourceDate "2020.05.31"]
[SourceVersion "1"]
[SourceVersionDate "2020.05.31"]
[SourceQuality "1"]

1. d4 Nf6 2. Nf3 d5 3. g3 g6 4. Bg2 Bg7 5. 0-0 0-0 6. c4 dxc4 7. Qc2 Be6 8. Na3 Nbd7 9. Nxc4 Nb6 10. b3 Bf5 11. Qb2 c6 12. Nfd2 Qc7 13. e4 Bg4 14. h3 Be2 15. Re1 Bxc4 16. bxc4 Nfd7 17. c5 Nxc5 18. Qb4 Nd3 19. Qc3 Nxe1 20. Bf1 Nd7 21. Nb3 Nf3+ 22. Qxf3 Nf6 23. Bf4 Qd7 24. Rd1 Rfd8 25. Be2 Nh5 26. Be3 e6 27. e5 Qc7 28. g4 Ng3 29. Qxg3 Qb6 30. Qf3 Qb4 31. h4 Qa3 32. Rd2 a5 33. h5 a4 34. Nc5 Qc1+ 35. Kg2 Qb1 36. h6 Bf8 37. Ne4 Rd7 38. Nf6+ Kh8 39. Nxd7 Rd8 40. Qf6+ Kg8 41. Qxd8 Qe4+ 42. Bf3 1-0

[Event "AUT-chT2O 1920"]
[Site "Austria"]
[Date "2019.12.07"]
[Round "5.5"]
[White "Mozny, Milos"]
[Black "Strodl, Joachim"]
[Result "1-0"]
[WhiteElo "2256"]
[BlackElo "2165"]
[PlyCount "47"]
[EventDate "2019.10.19"]
[EventType "team-tourn"]
[EventRounds "11"]
[EventCountry "AUT"]
[SourceTitle "CBM 193 Extra"]
[Source "ChessBase"]
[SourceDate "2020.01.31"]
[SourceVersion "1"]
[SourceVersionDate "2020.01.31"]
[SourceQuality "1"]
[WhiteTeam "Hietzing"]
[BlackTeam "Mattersburg"]
[WhiteTeamCountry "AUT"]
[BlackTeamCountry "AUT"]

1. d4 g6 2. g3 Bg7 3. Bg2 c5 4. Nf3 cxd4 5. Nxd4 Nc6 6. Nxc6 bxc6 7. c4 Nf6 8. Nc3 0-0 9. 0-0 Qc7 10. Bf4 Qb7 11. Qd2 d6 12. b3 Ng4 13. h3 Nf6 14. e4 Nd7 15. Bh6 a5 16. Bxg7 Kxg7 17. f4 Qb4 18. Rad1 Rb8 19. Kh2 Nc5 20. Qd4+ Kg8 21. e5 a4 22. exd6 exd6 23. Bxc6 axb3 24. Nd5 1-0

[Event "AUT-chT2O 1718"]
[Site "Austria"]
[Date "2018.01.14"]
[Round "7.2"]
[White "Strodl, Joachim"]
[Black "Weissenbeck, Manuel"]
[Result "0-1"]
[WhiteElo "2170"]
[BlackElo "2239"]
[PlyCount "78"]
[EventDate "2017.10.21"]
[EventType "team-tourn"]
[EventRounds "11"]
[EventCountry "AUT"]
[SourceTitle "EXT 2019"]
[Source "ChessBase"]
[SourceDate "2018.10.10"]
[SourceVersion "1"]
[SourceVersionDate "2018.10.10"]
[SourceQuality "1"]
[WhiteTeam "Mattersburg"]
[BlackTeam "Pressbaum"]
[WhiteTeamCountry "AUT"]
[BlackTeamCountry "AUT"]

1. c4 e5 2. g3 Nf6 3. Bg2 Bc5 4. Nc3 0-0 5. e3 Re8 6. Nge2 Nc6 7. 0-0 e4 8. Nf4 d6 9. Nfd5 Bf5 10. Nxf6+ Qxf6 11. f3 Qe6 12. b3 exf3 13. Bxf3 Qe5 14. Bd5 Bd3 15. Rf3 Re7 16. a3 Rae8 17. Bb2 Qg5 18. Na4 Ne5 19. Bxe5 Qxe5 20. Bxb7 Be2 21. Qc1 Bxf3 22. Bxf3 Qf6 23. Kg2 Bxe3 24. Qd1 Bd4 25. Rb1 h5 26. Qf1 h4 27. d3 h3+ 28. Kxh3 Qh6+ 29. Kg2 Qd2+ 30. Kh3 Re6 31. Bh5 Rf6 32. Qd1 Qh6 33. Qg4 c5 34. Qh4 Rf2 35. b4 Qd2 36. Rh1 Bf6 37. Qg4 Qh6 38. bxc5 Re5 39. Qc8+ Kh7 0-1

[Event "AUT-chT2O 1718"]
[Site "Austria"]
[Date "2017.11.18"]
[Round "3.3"]
[White "Strodl, Joachim"]
[Black "Lipka, Juraj"]
[Result "1/2-1/2"]
[WhiteElo "2170"]
[BlackElo "2415"]
[PlyCount "87"]
[EventDate "2017.10.21"]
[EventType "team-tourn"]
[EventRounds "11"]
[EventCountry "AUT"]
[SourceTitle "CBM 181 Extra"]
[Source "ChessBase"]
[SourceDate "2017.12.12"]
[SourceVersion "1"]
[SourceVersionDate "2017.12.12"]
[SourceQuality "1"]
[WhiteTeam "Mattersburg"]
[BlackTeam "Pamhagen II"]
[WhiteTeamCountry "AUT"]
[BlackTeamCountry "AUT"]

1. c4 e6 2. g3 d5 3. Bg2 dxc4 4. Qa4+ c6 5. Qxc4 b5 6. Qc2 Bb7 7. Nf3 Nf6 8. 0-0 Nbd7 9. b3 Be7 10. Bb2 c5 11. d3 0-0 12. Nbd2 Nd5 13. a3 N7b6 14. Rfd1 Rc8 15. e4 Nf6 16. Nf1 a5 17. Ne3 a4 18. Rab1 Ba6 19. Bf1 axb3 20. Qxb3 Qc7 21. Be5 Qa7 22. Nd2 Rfd8 23. Bc3 Nfd7 24. Nf3 Na4 25. Ba1 Nf6 26. Ne5 Nd7 27. Nf3 Qc7 28. Ng4 Ndb6 29. Nge5 c4 30. dxc4 bxc4 31. Rxd8+ Rxd8 32. Qa2 f6 33. Ng4 Qc5 34. Ne3 Kf8 35. Qc2 Qxa3 36. e5 f5 37. Nd4 Bc8 38. Bxc4 Nxc4 39. Qxc4 Nc5 40. Nc6 Ba6 41. Qc1 Qxc1+ 42. Rxc1 Rc8 43. Nxe7 Kxe7 44. Bd4 1/2-1/2

[Event "AUT-chT2O 1617"]
[Site "Austria"]
[Date "2017.03.05"]
[Round "9.6"]
[White "Strodl, Joachim"]
[Black "Hudec, Marcus"]
[Result "1-0"]
[WhiteElo "2138"]
[BlackElo "2046"]
[PlyCount "125"]
[EventDate "2016.10.15"]
[EventType "team-tourn"]
[EventRounds "11"]
[EventCountry "AUT"]
[SourceTitle "CBM 177 Extra"]
[Source "ChessBase"]
[SourceDate "2017.04.27"]
[SourceVersion "1"]
[SourceVersionDate "2017.04.27"]
[SourceQuality "1"]
[WhiteTeam "Mattersburg"]
[BlackTeam "Pressbaum"]
[WhiteTeamCountry "AUT"]
[BlackTeamCountry "AUT"]

1. c4 c5 2. Nf3 Nf6 3. g3 Nc6 4. Bg2 e6 5. 0-0 Be7 6. d4 d5 7. cxd5 exd5 8. Nc3 h6 9. Bf4 Be6 10. Nb5 0-0 11. Nc7 Rc8 12. Nxe6 fxe6 13. Bh3 Qd7 14. Rc1 c4 15. b3 b5 16. Qd2 Ne4 17. Qe3 Rce8 18. bxc4 bxc4 19. Rxc4 dxc4 20. Qxe4 Bf6 21. Rd1 Nb4 22. Qg6 c3 23. Bxh6 c2 24. Rc1 Bxd4 25. Nxd4 Qxd4 26. Bxe6+ Rxe6 27. Qxe6+ Kh7 28. Be3 Qd1+ 29. Kg2 Nd5 30. Qe4+ Kh8 31. Qh4+ Kg8 32. Qc4 Kh8 33. Bg5 Nb6 34. Qd3 Qxd3 35. exd3 Rc8 36. Be3 Nd5 37. Bd2 Nb6 38. Kf3 Na4 39. Bb4 Nb2 40. Ke3 Re8+ 41. Kd2 Rd8 42. Be7 Rd7 43. Kxc2 Nxd3 44. Rd1 Rxe7 45. Rxd3 g6 46. Kd2 Kg7 47. Rd6 Rb7 48. Ra6 Kh6 49. Ke3 Kg5 50. h4+ Kf5 51. Kf3 Rg7 52. Ra5+ Ke6 53. Kg4 Rd7 54. f4 Kf6 55. Ra6+ Kf7 56. Rc6 Rb7 57. a4 Re7 58. a5 Rd7 59. a6 Kg7 60. h5 gxh5+ 61. Kxh5 Rd5+ 62. Kg4 Rd7 63. Kg5 1-0

[Event "AUT-chT2O 1617"]
[Site "Austria"]
[Date "2017.03.04"]
[Round "8.2"]
[White "Pichler, Andreas"]
[Black "Strodl, Joachim"]
[Result "1/2-1/2"]
[WhiteElo "2073"]
[BlackElo "2138"]
[PlyCount "50"]
[EventDate "2016.10.15"]
[EventType "team-tourn"]
[EventRounds "11"]
[EventCountry "AUT"]
[SourceTitle "CBM 177 Extra"]
[Source "ChessBase"]
[SourceDate "2017.04.27"]
[SourceVersion "1"]
[SourceVersionDate "2017.04.27"]
[SourceQuality "1"]
[WhiteTeam "Donaustadt"]
[BlackTeam "Mattersburg"]
[WhiteTeamCountry "AUT"]
[BlackTeamCountry "AUT"]

1. e4 g6 2. d4 Bg7 3. Nc3 c5 4. d5 d6 5. Nf3 Nf6 6. Be2 0-0 7. 0-0 e6 8. a4 exd5 9. exd5 a6 10. a5 Bf5 11. Nd2 Re8 12. Bf3 h5 13. h3 Qc7 14. Nc4 Nbd7 15. Bf4 Bf8 16. Qd2 b5 17. axb6 Nxb6 18. Ne3 Bd7 19. b3 Bg7 20. Ra2 Bb5 21. Re1 Nfd7 22. Be2 Bxe2 23. Nxe2 c4 24. Qb4 Be5 25. Bxe5 Nxe5 1/2-1/2

[Event "AUT-chT2O 1617"]
[Site "Austria"]
[Date "2017.01.14"]
[Round "6.3"]
[White "Rongitsch, Thomas"]
[Black "Strodl, Joachim"]
[Result "1/2-1/2"]
[WhiteElo "2092"]
[BlackElo "2138"]
[PlyCount "67"]
[EventDate "2016.10.15"]
[EventType "team-tourn"]
[EventRounds "11"]
[EventCountry "AUT"]
[SourceTitle "CBM 177 Extra"]
[Source "ChessBase"]
[SourceDate "2017.04.27"]
[SourceVersion "1"]
[SourceVersionDate "2017.04.27"]
[SourceQuality "1"]
[WhiteTeam "Nickelsdorf Blackburne II"]
[BlackTeam "Mattersburg"]
[WhiteTeamCountry "AUT"]
[BlackTeamCountry "AUT"]

1. e4 g6 2. d4 Bg7 3. f4 d6 4. Nf3 a6 5. Nc3 e6 6. Be3 Ne7 7. Qd2 Nd7 8. a4 b6 9. Be2 Bb7 10. 0-0 0-0 11. Rad1 Nf6 12. Bd3 Ng4 13. h3 Nxe3 14. Qxe3 Nc6 15. Bc4 Qe7 16. Rfe1 Nb4 17. Qd2 Qd7 18. Bb3 a5 19. d5 exd5 20. exd5 Rae8 21. Nb5 Na6 22. c3 Rxe1+ 23. Rxe1 Re8 24. Rxe8+ Qxe8 25. Bc2 Bc8 26. b3 Qe7 27. Kf2 Bd7 28. Nbd4 Nc5 29. Qe3 Qf6 30. g4 Kf8 31. Ng5 Kg8 32. Kg3 h6 33. Ngf3 Kf8 34. h4 1/2-1/2

[Event "AUT-chT2O 1617"]
[Site "Austria"]
[Date "2016.12.03"]
[Round "5.4"]
[White "Chirita Mihaila, Marius Constantin"]
[Black "Strodl, Joachim"]
[Result "1/2-1/2"]
[WhiteElo "2152"]
[BlackElo "2138"]
[PlyCount "40"]
[EventDate "2016.10.15"]
[EventType "team-tourn"]
[EventRounds "11"]
[EventCountry "AUT"]
[SourceTitle "CBM 177 Extra"]
[Source "ChessBase"]
[SourceDate "2017.04.27"]
[SourceVersion "1"]
[SourceVersionDate "2017.04.27"]
[SourceQuality "1"]
[WhiteTeam "Tschaturanga"]
[BlackTeam "Mattersburg"]
[WhiteTeamCountry "AUT"]
[BlackTeamCountry "AUT"]

1. c4 g6 2. g3 Bg7 3. Bg2 e5 4. e4 Nc6 5. Nc3 d6 6. d3 Nf6 7. Nge2 0-0 8. 0-0 Bd7 9. h3 a5 10. Be3 Qc8 11. Kh2 Nh5 12. d4 exd4 13. Nxd4 Ne5 14. b3 Nf6 15. Nd5 Re8 16. Nxf6+ Bxf6 17. Rc1 Nc6 18. Nxc6 Bxc6 19. Bd4 Qe6 20. Re1 b6 1/2-1/2

[Event "AUT-chT2O 1516"]
[Site "Austria"]
[Date "2016.04.02"]
[Round "9.1"]
[White "Trippold, Denise"]
[Black "Strodl, Joachim"]
[Result "1/2-1/2"]
[WhiteElo "1982"]
[BlackElo "2120"]
[PlyCount "38"]
[EventDate "2015.10.17"]
[EventType "team-tourn"]
[EventRounds "11"]
[EventCountry "AUT"]
[SourceTitle "EXT 2017"]
[Source "ChessBase"]
[SourceDate "2016.10.25"]
[SourceVersion "1"]
[SourceVersionDate "2016.10.25"]
[SourceQuality "1"]
[WhiteTeam "Baden Invest"]
[BlackTeam "Mattersburg"]
[WhiteTeamCountry "AUT"]
[BlackTeamCountry "AUT"]

1. d4 g6 2. c4 Bg7 3. e4 d6 4. Nc3 e5 5. d5 Nd7 6. Be3 h5 7. Be2 Bh6 8. Bxh6 Nxh6 9. Nf3 a5 10. a3 0-0 11. 0-0 Kg7 12. b4 b6 13. Rc1 Qe7 14. Nb5 Nf6 15. Qc2 axb4 16. axb4 Ba6 17. Nc3 Bc8 18. Nb5 Ba6 19. Nc3 Bc8 1/2-1/2